| 000 | 00969nam a2200241Ia 4500 | ||
|---|---|---|---|
| 999 |
_c38098 _d38098 |
||
| 001 | 4086 | ||
| 003 | GE_BSU | ||
| 005 | 20190920142856.0 | ||
| 008 | 181216s1987||||ge |||||||||||||| ||geo|| | ||
| 040 | _cGE_BSU | ||
| 041 | _ageo | ||
| 080 | _a398(479.22)(092) შ-67 | ||
| 100 |
_aშიოშვილი, თინა. _91855 |
||
| 245 |
_aთედო სახოკიას ფოლკლორისტული მოღვაწეობა / _cთინა შიოშვილი; რედ. ა. შონია. |
||
| 264 |
_aბათუმი : _bსაბჭ. აჭარა, _c1987. |
||
| 300 |
_a143 გვ. ; _b17 სმ. |
||
| 504 | _a ბიბლიოგრ. ტექსტის შენიშვნ. | ||
| 541 | _h2 ლ. | ||
| 600 |
_aსახოკია თედო _93401 |
||
| 653 | _aქართული ფოლკლორი | ||
| 700 |
_aშონია, ა. _eრედაქტორი _92035 |
||
| 942 |
_cBK _2udc |
||